Catalog

Record Details

Catalog Search



Early Christian Greek and Latin Literature : A Literary History, Volume Two-From the Council of Nicea to the Beginning of the Medieval Period Cover Image Book Book

Early Christian Greek and Latin Literature : A Literary History, Volume Two-From the Council of Nicea to the Beginning of the Medieval Period Claudio Moreschini and Enrico Norelli ; Translated by Matthew J.O¨Connell

Moreschini, Claudio (Author). Norelli, Enrico (Added Author). O¨Connell, Matthew J. (Added Author).

Record details

  • ISBN: 978-0-8010-4719-0
  • Physical Description: 734 p.
  • Edition: First Printid
  • Publisher: Peabody, Massachusetts 01961-3473 Hendrickson Publishers 2005

Available copies

  • 2 of 2 copies available at Common Catalog SPOK.

Holds

  • 0 current holds with 2 total copies.
Show Only Available Copies
Location Call Number / Copy Notes Barcode Shelving Location Status Due Date
ETS Library 270.1 424470012995 Volný výběr Available -
ETS Library 270.1 424470012996 Volný výběr Available -

LDR 00965nam a2 00277
00132624
003CZ-PrJAB
00520131218000000.0
008131218s2005 xxu e |||| |eng
009us
020 . ‡a978-0-8010-4719-0
035 . ‡a(CONS)2270
035 . ‡aKPS14023
040 . ‡aABG450
041 . ‡aeng
08214. ‡a270.1
100 . ‡77605 ‡aMoreschini, Claudio
245 . ‡aEarly Christian Greek and Latin Literature : ‡bA Literary History, Volume Two-From the Council of Nicea to the Beginning of the Medieval Period ‡cClaudio Moreschini and Enrico Norelli ; Translated by Matthew J.O¨Connell
250 . ‡aFirst Printid
260 . ‡aPeabody, Massachusetts 01961-3473 ‡bHendrickson Publishers ‡c2005
300 . ‡a734 p.
653 . ‡aEarly Christian Greek and Latin Literature
700 . ‡77606 ‡aNorelli, Enrico
700 . ‡77608 ‡aO¨Connell, Matthew J.
8524 . ‡bETS ‡bETS ‡cVolný výběr ‡j270.1 ‡gA ‡p424470012996
910 . ‡aABG450
910 . ‡aABG450
999 . ‡a2269 ‡bAUTOGEN ‡c2269 ‡tbiblio
999 . ‡a2270 ‡bAUTOGEN ‡c2270 ‡tbiblio
905 . ‡uadmin
901 . ‡a32624 ‡b ‡c32624 ‡tbiblio ‡sets

Additional Resources